prezydenci USA - Statystyki

Ogólne statystyki
  • Ten quiz został rozwiązany 626 razy
    381 od ostatniego zresetowania
  • Średni wynik to 24 z 47
Statystyki odpowiedzi
Data prezydentury prezydent % Poprawnych
2017-2021 Donald Trump
98%
2021-2025 Joe Biden
96%
2009-2017 Barack Obama
93%
1861-1865 Abraham Lincoln
83%
1989-1993 George H W Bush
83%
2001-2009 George W Bush
83%
1961-1963 John F Kennedy
83%
1789-1797 Jerzy Waszyngton
81%
1993-2001 Bill Clinton
78%
1981-1989 Ronald Reagan
78%
1933-1945 Franklin Delano Roosevelt
75%
1901-1909 Theodore Roosevelt
75%
1969-1974 Richard Nixon
71%
1945-1953 Harry Truman
67%
1953-1961 Dwight Eisenhower
63%
1974-1977 Gerald Ford
63%
1977-1981 Jimmy Carter
62%
2025-obecnie Donald Trump
60%
1865-1869 Andrew Johnson
56%
1963-1969 Lyndon B Johnson
56%
1797-1801 John Adams
55%
1825-1829 John Quincy Adams
55%
1801-1809 Thomas Jefferson
55%
1913-1921 Woodrow Wilson
49%
1929-1933 Herbert Hoover
43%
1869-1877 Ulysses Grant
41%
1829-1837 Andrew Jackson
38%
1817-1825 James Monroe
38%
1881 James Garfield
37%
1897-1901 William McKinley
34%
1809-1817 James Madison
33%
1885-1889 Grover Cleveland
31%
1893-1897 Grover Cleveland
31%
1849-1850 Zachary Taylor
31%
1837-1841 Martin Van Buren
30%
1841 William Henry Harrison
30%
1889-1893 Benjamin Harrison
29%
1923-1929 Calvin Coolidge
29%
1853-1857 Franklin Pierce
29%
1909-1913 William Taft
29%
1845-1849 James Polk
28%
1841-1845 John Tyler
28%
1850-1853 Millard Fillmore
27%
1857-1861 James Buchanan
25%
1881-1885 Chester Arthur
23%
1921-1923 Warren Harding
22%
1877-1881 Rutherford Hayes
20%
Nie znaleziono quizów pasujących do podanych kryteriów
Rozkład punktacji
Procent ludzi z każdym wynikiem
Percentyl według liczby udzielonych odpowiedzi
Twoja historia wyników
Nie rozwiązałeś tego quizu od ostatniego zresetowania